| 000 | 00000nam 2200000zi 4500 |
| 001 | 9.947514 |
| 003 | CaOODSP |
| 005 | 20250205115457 |
| 006 | m o d f |
| 007 | cr bn||||||||| |
| 008 | 250129e198106 oncao ob f000 0 eng d |
| 040 | |aCaOODSP|beng|erda|cCaOODSP |
| 043 | |an-cn--- |
| 086 | 1 |aDR52-19/19-1981E-PDF |
| 100 | 1 |aBeach, A. J., |eauthor. |
| 245 | 10|aDetermination of mass moment of inertia for CF male/female aircrew / |cA.J. Beach, E.J. Celentano, D. Beevis. |
| 264 | 1|aDownsview, Ontario : |bDefence and Civil Institute of Environmental Medicine : |bDepartment of National Defence - Canada, |cJune 1981. |
| 300 | |a1 online resource (31 pages) : |bphotographs, illustrations. |
| 336 | |atext|btxt|2rdacontent |
| 337 | |acomputer|bc|2rdamedia |
| 338 | |aonline resource|bcr|2rdacarrier |
| 490 | 1 |aDCIEM report ; |vno. 81-R-22 |
| 500 | |aDigitized edition from print [produced by Defence R&D Canada]. |
| 504 | |aIncludes bibliographical references (pages 17-20). |
| 650 | 0|aMoments of inertia|xMeasurement. |
| 650 | 0|aSoldiers|xAnthropometry|zCanada|vStatistics. |
| 650 | 6|aMoments d'inertie|xMesure. |
| 650 | 6|aSoldats|xAnthropométrie|zCanada|vStatistiques. |
| 710 | 2 |aDefence and Civil Institute of Environmental Medicine (Canada), |eissuing body. |
| 710 | 1 |aCanada. |bDepartment of National Defence, |eissuing body. |
| 830 | #0|aDCIEM report ;|vno. 81-R-22.|w(CaOODSP)9.941842 |
| 856 | 40|qPDF|s4.33 MB|uhttps://publications.gc.ca/collections/collection_2025/rddc-drdc/DR52-19-19-1981-eng.pdf |